00494nam a2200157Ia 4500003000900000008004100009020001800050040001600068080001300084100001800097245010400115260004300219300001600262650004100278650001700319IN-BaIIA211028s9999 xx 000 0 eng d a90-277-1002-3 cIIA Library a524bKOU aKourganoff, V 0aIntroduction to advanced astrophysicscV. Kourganoff  aDordrecht,bD. Reidel Publishingc1980 axiii, 479p. aAstronomy and astrophysics thesaurus aAstrophysics